000 00642nam a2200241Ia 4500
003 OSt
005 20220926005400.0
006 a|||||r|||| 00| 0
007 ta
008 220923b |||||||| |||| 00| 0 eng d
020 _a8183290582
037 _cGeneral Book
040 _aRTL
_cRTL
_beng
041 _2eng
_aeng
082 _aU2, P5
100 _aEkka Bahura
_9310167
245 0 _aPhysical geography
260 _a New Delhi
_bShree Publishers India
_c2005
300 _avi,271p. Bib p. 261-266
_ccm.
650 _aPhysical Geography
942 _hU2, P5
_cGB
_2CC
999 _c613627
_d613627